| 000 | 00375nam a2200145Ia 4500 | ||
|---|---|---|---|
| 008 | 230917s9999||||xx |||||||||||||| ||und|| | ||
| 040 |
_e42095 _aMAIN |
||
| 041 | _aEnglish | ||
| 082 | _a973.92 D82W | ||
| 100 | _aDrew, Elizabeth | ||
| 245 | 0 | _aWashington journal; the events of 1973-1974 | |
| 260 |
_aNew York _bRandom House _c1975 |
||
| 300 | _axvii, 428 p. | ||
| 942 | _cBK | ||
| 999 |
_c216229 _d216229 |
||